[Event "RUS-Cup8"]
[Site "Smolensk"]
[Date "1997.??.??"]
[Round "7"]
[White "Aleksandrov, Aleksej"]
[Black "Yandemirov, Valeri"]
[Result "1-0"]
[WhiteElo "2615"]
[BlackElo "2500"]

1.d4 Nf6 2.c4 g6 3.Nc3 d5 4.cxd5 Nxd5 5.e4 Nxc3 6.bxc3 Bg7 7.Bb5+ c6 8.Ba4 O-O
9.Ne2 c5 10.O-O Nc6 11.Be3 Na5 12.dxc5 Qc7 13.Nf4 Nc4 14.Nd5 Nxe3 15.Nxc7 Nxd1
16.Rfxd1 Rb8 17.Rab1 Be5 18.Nd5 e6 19.Ne7+ Kg7 20.c6 b6 21.c4 Kf6 22.Nxc8 Rfxc8
23.f4 Bxf4 24.Rf1  1-0

[Event "Sochi"]
[Site "Sochi"]
[Date "1997.??.??"]
[Round "?"]
[White "Yurtaev, Leonid"]
[Black "Khachian, Melikset"]
[Result "1-0"]
[WhiteElo "2495"]
[BlackElo "2465"]

1.d4 Nf6 2.c4 g6 3.Nc3 d5 4.cxd5 Nxd5 5.e4 Nxc3 6.bxc3 Bg7 7.Bc4 O-O 8.Ne2 e5
9.Ba3 Re8 10.Qb3 Be6 11.d5 Bc8 12.O-O b6 13.f4 Ba6 14.f5 Bxc4 15.Qxc4 c5
16.dxc6 b5 17.Qd5 Qb6+ 18.Nd4 Rd8 19.fxg6 Rxd5 20.gxf7+ Kh8 21.f8=Q+ Bxf8
22.Rxf8+ Kg7 23.exd5 exd4 24.Raf1 dxc3+ 25.Kh1 Nxc6 26.Rxa8 b4 27.Bc1 Qb5
28.Raf8 Qxd5 29.R8f5 Qd6 30.Rg5+ Kh8 31.Rg3 h5 32.Rg5 Qd3 33.Rxh5+ Kg8 34.Rg5+ Kh7
35.Rh5+ Kg8 36.Rhf5 Nd4 37.Rf8+ Kh7 38.R8f7+ Kg8 39.Bh6 Ne6 40.R7f3 Qc4 41.Bc1 Qxa2
42.Rg3+ Kh7 43.Rf7+ Kh8 44.Rf6 Ng7 45.Rf8+ Kh7 46.Rh3+ Nh5 47.Rxh5+ Kg7 48.Rf3  1-0

[Event "Russian Cup f"]
[Site "Sochi"]
[Date "1997.??.??"]
[Round "5"]
[White "Sherbakov, Ruslan"]
[Black "Yandemirov, Valeri"]
[Result "1/2-1/2"]
[WhiteElo "2580"]
[BlackElo "2500"]

1.d4 Nf6 2.c4 g6 3.Nc3 d5 4.cxd5 Nxd5 5.e4 Nxc3 6.bxc3 Bg7 7.Be3 c5 8.Qd2 cxd4
9.cxd4 Nc6 10.Rd1 O-O 11.Nf3 Qa5 12.Qxa5 Nxa5 13.Be2 b6 14.O-O Bb7 15.d5 Rac8
16.Nd4 Nc4 17.Bg5 Rfe8 18.Bg4 Rc5 19.Bd7 Rd8 20.Bc6 Bxc6 21.Nxc6 Re8 22.Bxe7 Rxc6
23.dxc6 Rxe7 24.Rd8+ Bf8 25.Rc1 b5 26.a4 a6 27.Ra8 Rc7 28.Rxa6 Bh6 29.Rc3 Nd6
30.Rd3 Bf8 31.axb5 Nxb5 32.e5 Rc8 33.g3 Nc7 34.Ra7 Ne6 35.Rdd7 Rxc6 36.Rxf7 Ng5
37.Rfc7 Rxc7 38.Rxc7 Nf3+ 39.Kg2 Nxe5 40.f4 Ng4 41.h3 Nf6 42.Kf3  1/2-1/2

[Event "St Petersburg-ch"]
[Site "St Petersburg"]
[Date "1997.??.??"]
[Round "3"]
[White "Andreev, Konstantin"]
[Black "Gubanov, Anton"]
[Result "1/2-1/2"]
[WhiteElo "2290"]
[BlackElo "2370"]

1.d4 Nf6 2.c4 g6 3.Nc3 d5 4.cxd5 Nxd5 5.e4 Nxc3 6.bxc3 Bg7 7.Be3 c5 8.Qd2 Qa5
9.Rc1 cxd4 10.cxd4 Qxd2+ 11.Kxd2 O-O 12.Bb5 Nc6 13.Ne2 Rd8 14.Bxc6 bxc6 15.Rhd1 Rb8
16.Rxc6 Bb7 17.Rc7 Bxe4 18.f3 Bd5 19.Rxa7 Bc4 20.Ke1 e5 21.dxe5 Rxd1+ 22.Kxd1 Bxe5
23.f4 Bf6 24.Nc1 Re8 25.Bd2 Bd5 26.g3 Bf3+ 27.Kc2 Rc8+ 28.Kd3 Rd8+ 29.Kc2 Rc8+
30.Kd3 Bd1 31.Be3 Bg4 32.Nb3 Rc3+ 33.Kd2 Bf5 34.Ra6 Kg7 35.g4 Bxg4 36.Rxf6 Rxb3
37.Rxf7+ Kxf7 38.axb3 Ke6 39.b4 Kd5 40.b5 Bd7 41.b6 Kc6 42.h4 h5  1/2-1/2

[Event "Stockholm"]
[Site "Stockholm"]
[Date "1997.??.??"]
[Round "3"]
[White "Akesson, Ralf"]
[Black "Rytshagov, Mikhail"]
[Result "1/2-1/2"]
[WhiteElo "2520"]
[BlackElo "2525"]

1.d4 Nf6 2.c4 g6 3.Nc3 d5 4.cxd5 Nxd5 5.e4 Nxc3 6.bxc3 Bg7 7.Be3 c5 8.Qd2 cxd4
9.cxd4 Nc6 10.Rd1 O-O 11.Nf3 Bg4 12.Be2 Rc8 13.O-O Qa5 14.Qxa5 Nxa5 15.Rc1 Bxf3
16.Bxf3 Nc4 17.e5 b5 18.Bb7 Rb8 19.Bd5 Nxe3 20.fxe3 e6 21.Bc6 Bh6 22.Kf2 b4
23.Ba4 Rfc8 24.Ke2 Kf8 25.Kd3 Ke7 26.h4 g5 27.hxg5 Bxg5 28.Rc5 h6 29.Rfc1 Kd8
30.Ke4 Rxc5 31.dxc5 Kc7 32.Rd1 Rd8 33.Rf1 Rf8 34.Rd1 Rd8 35.Rf1  1/2-1/2

[Event "SVK-chT 9697"]
[Site "SVK"]
[Date "1997.??.??"]
[Round "1"]
[White "Kijac, Miroslav"]
[Black "Szitkey, Milan"]
[Result "1-0"]
[WhiteElo "2150"]
[BlackElo "2330"]

1.d4 Nf6 2.c4 g6 3.Nc3 d5 4.cxd5 Nxd5 5.e4 Nxc3 6.bxc3 Bg7 7.Be3 c5 8.Qd2 Qa5
9.Rb1 cxd4 10.cxd4 Qxd2+ 11.Kxd2 O-O 12.Bd3 Nc6 13.Nf3 f5 14.d5 Ne5 15.Nxe5 Bxe5
16.f3 b6 17.Bg5 fxe4 18.fxe4 Bd6 19.Rhf1 Bd7 20.h3 Rac8 21.Bh6 Rxf1 22.Rxf1 e6
23.Ba6 Bb4+ 24.Kd3 Rc3+ 25.Kd4 Ra3 26.Bb7 Bb5 27.Rf3 Bc3+ 28.Rxc3 e5+ 29.Kxe5 Rxc3
30.Kd6 Kf7 31.e5 Rc2 32.e6+ Ke8 33.g4 Rxa2 34.Bc8 Kd8 35.Bd7  1-0

[Event "Piatka op"]
[Site "Swidnica"]
[Date "1997.??.??"]
[Round "?"]
[White "Malaniuk, Vladimir P"]
[Black "Zezulkin, Jurij"]
[Result "1-0"]
[WhiteElo "2610"]
[BlackElo "2465"]

1.d4 Nf6 2.c4 g6 3.Nc3 d5 4.cxd5 Nxd5 5.e4 Nxc3 6.bxc3 Bg7 7.Bb5+ Bd7 8.Be2 c5
9.Nf3 cxd4 10.cxd4 Bc6 11.Qd3 f5 12.exf5 Qa5+ 13.Bd2 Qxf5 14.Qe3 Bd5 15.O-O Nc6
16.Rab1 Qe4 17.Bd3 Qxe3 18.fxe3 O-O 19.Rb5 Rad8 20.a4 a6 21.Rxd5 Rxd5 22.Bc4 e6
23.Bxd5 exd5 24.Rc1 Rd8 25.Kf2 Bf6 26.Ke2 Kf7 27.Kd3 Ke6 28.Be1 Rd7 29.Rb1 Bd8
30.e4 dxe4+ 31.Kxe4 h5 32.Bd2 Bf6 33.Be3 Bd8 34.h3 Bf6 35.g4 hxg4 36.hxg4 Ne7
37.g5 Nd5 38.gxf6 Nc3+ 39.Kd3 Nxb1 40.Ne5 Rh7 41.f7 Ke7 42.d5 Rxf7 43.Nxf7 Kxf7
44.Kc2 Na3+ 45.Kb3 Nb1 46.Kb2 Kf6 47.Bd4+ Ke7 48.Bc5+ Kf6 49.Kxb1 b6 50.Bd4+  1-0

[Event "Piatka op"]
[Site "Swidnica"]
[Date "1997.??.??"]
[Round "8"]
[White "Nenashev, Alexander"]
[Black "Jaracz, Pawel"]
[Result "1/2-1/2"]
[WhiteElo "2585"]
[BlackElo "2445"]

1.d4 Nf6 2.c4 g6 3.Nc3 d5 4.cxd5 Nxd5 5.e4 Nxc3 6.bxc3 Bg7 7.Bc4 O-O 8.Ne2 Nc6
9.Bg5 Na5 10.Bd3 c5 11.O-O cxd4 12.cxd4 Nc6 13.d5 Bxa1 14.Qxa1 f6 15.Bh6 Re8
16.Bb5 a6 17.Ba4 b5 18.dxc6 bxa4 19.e5 Qd5 20.Nf4 Qxe5 21.Qc1 Qb5 22.Rd1 Bf5
23.c7 Rac8 24.h4 Kf7 25.Qc3 Qe5 26.Qc4+ Be6 27.Nxe6 Qxe6 28.Qc2 Qg4 29.Rd5 Qxh4
30.Bd2 Qg4 31.Ba5 Qe6 32.Rc5 a3 33.Rc6 Qe5 34.Qb3+ Kg7 35.Qxa3 Qb5  1/2-1/2

[Event "SWZ-chT9697"]
[Site "SWZ"]
[Date "1997.??.??"]
[Round "?"]
[White "Georges, Sacha"]
[Black "Moor, Roger"]
[Result "0-1"]
[WhiteElo "2300"]
[BlackElo "2245"]

1.d4 Nf6 2.c4 g6 3.Nc3 d5 4.cxd5 Nxd5 5.e4 Nxc3 6.bxc3 Bg7 7.Be3 c5 8.Qd2 Qa5
9.Rc1 cxd4 10.cxd4 Qxd2+ 11.Kxd2 O-O 12.Bb5 Nc6 13.Ne2 Rd8 14.Bxc6 bxc6 15.Rxc6 Bb7
16.Rc7 Bxe4 17.f3 Bd5 18.Rxe7 Bf8 19.Rc7 Bb4+ 20.Kd3 Bxa2 21.Ra1 Bd6 22.Rb7 Be6
23.Raxa7 Rac8 24.Kd2 Bxh2 25.Bg5 Re8 26.Bf4 Bc4 27.Re7 Rxe7 28.Rxe7 Bxf4+
29.Nxf4 Kg7 30.g4 Kf6 31.Re5 h6 32.Nd5+ Bxd5 33.Rxd5 Ra8 34.f4 Ra3 35.g5+ Kg7
36.gxh6+ Kxh6 37.Rd7 Kg7 38.d5 Rf3 39.d6 Rxf4 40.Ke3 Rf1 41.Kd4 g5 42.Re7 Kf6
43.Re2 g4 44.Kc5 Rd1 45.Rf2+ Kg6 46.Kc6 f5 47.d7 Kg5 48.Rf1 Rd4 49.Re1 g3
50.Re8 Kg4 51.d8=Q Rxd8 52.Rxd8 f4 53.Kd5 f3 54.Ke4 f2 55.Rf8 g2 56.Rg8+ Kh3
57.Rh8+ Kg3 58.Rg8+ Kh2 59.Rh8+ Kg1  0-1

[Event "Taastrup 25 Jub"]
[Site "Taastrup"]
[Date "1997.??.??"]
[Round "6"]
[White "Niklasch, Oliver"]
[Black "Brinck Claussen, Bjorn"]
[Result "1/2-1/2"]
[WhiteElo "2335"]
[BlackElo "2380"]

1.d4 Nf6 2.c4 g6 3.Nc3 d5 4.cxd5 Nxd5 5.e4 Nxc3 6.bxc3 Bg7 7.Bc4 O-O 8.Ne2 c5
9.Be3 Nc6 10.O-O Bg4 11.f3 Na5 12.Bd3 cxd4 13.cxd4 Be6 14.Rc1 Bxa2 15.Qa4 Be6
16.d5 Bd7 17.Qb4 e6 18.Bf2 b6 19.Nd4 exd5 20.exd5 Rc8 21.Ba6 Rxc1 22.Rxc1 Qg5
23.Rc7 Qxd5 24.Rxa7 Bc8 25.Qxb6 Bxa6 26.Rxa6 Rc8 27.h4 Be5 28.g3 Bxd4 29.Qxd4 Qxf3
30.Qf4 Qd5 31.Rd6 Qb3 32.Qg5 Qb1+ 33.Kh2 Nb7 34.Rd7 Qb2 35.Qf4 Nd8 36.h5 Qb5
37.Qf6 Qxd7 38.Bd4 Rc2+ 39.Kg1 Rc1+ 40.Kh2 Rh1+ 41.Kxh1 Qc6+  1/2-1/2

[Event "Tallinn-J"]
[Site "Tallinn"]
[Date "1997.??.??"]
[Round "3"]
[White "Bae, Torstein"]
[Black "Zitin, Yuri"]
[Result "1/2-1/2"]
[WhiteElo "2245"]
[BlackElo "2205"]

1.d4 Nf6 2.c4 g6 3.Nc3 d5 4.cxd5 Nxd5 5.e4 Nxc3 6.bxc3 Bg7 7.Nf3 c5 8.Rb1 O-O
9.Be2 cxd4 10.cxd4 Qa5+ 11.Bd2 Qxa2 12.O-O Bg4 13.Rxb7 Bxf3 14.Bxf3 Bxd4
15.e5 Na6 16.Rxe7 Rad8 17.Qe1 Bc5 18.Bg5 h6 19.Bf6 Rd2 20.Rb7 Nb4 21.Qe4 Re8
22.e6 Rxf2 23.Qxg6+ fxg6  1/2-1/2

[Event "EU-ch U18"]
[Site "Tallinn"]
[Date "1997.??.??"]
[Round "4"]
[White "Halkias, Stelios"]
[Black "Bagirov, Rufat"]
[Result "1/2-1/2"]
[WhiteElo "2385"]
[BlackElo "2325"]

1.d4 Nf6 2.c4 g6 3.Nc3 d5 4.cxd5 Nxd5 5.e4 Nxc3 6.bxc3 Bg7 7.Nf3 O-O 8.Be2 c5
9.Rb1 Nc6 10.d5 Ne5 11.Nxe5 Bxe5 12.Qd2 e6 13.f4 Bc7 14.O-O exd5 15.exd5 Ba5
16.f5 Bxf5 17.Rxb7 Qf6 18.Bb2 Qe5 19.Bf3 c4 20.Re1 Qd6 21.Qe2 Rab8 22.Qe7 Qa6
23.Rxb8 Rxb8 24.g4 Qb6+ 25.Kg2 Qxb2+ 26.Re2 Bc2 27.Qxa7 Bxc3 28.d6 Rf8 29.Qf2 Qxa2
30.Rxc2 Qa5 31.Qe2 Be5 32.d7 c3 33.Qc4 Qd8 34.Qd5 Qf6 35.Re2 Bc7 36.Qc5 Qf4
37.Re8 Qxh2+ 38.Kf1 Qh3+ 39.Ke2 Qh2+ 40.Kf1 Qh3+ 41.Ke2  1/2-1/2

[Event "EST-ch (Women)"]
[Site "Tallinn"]
[Date "1997.??.??"]
[Round "5"]
[White "Tsiganova, Monika"]
[Black "Vark, Liina"]
[Result "1-0"]
[WhiteElo "2245"]
[BlackElo "2040"]

1.d4 Nf6 2.c4 g6 3.Nc3 d5 4.cxd5 Nxd5 5.e4 Nxc3 6.bxc3 Bg7 7.Bb5+ Nd7 8.Nf3 O-O
9.O-O a6 10.Bc4 c5 11.a4 Nb6 12.Bb3 Bg4 13.Be3 Qc7 14.a5 Nc8 15.h3 Bxf3 16.Qxf3 Na7
17.Bf4 Qc8 18.Bg5 Qc7 19.Qe3 cxd4 20.cxd4 Nc6 21.e5 Nxa5 22.Rfc1 Qd8 23.Bxe7 Qxe7
24.Rxa5 b6 25.Ra2 a5 26.Rac2 Ra7 27.f4 b5 28.d5 Rd7 29.Rc5 a4 30.Bd1 Rfd8
31.Qf3 Rb8 32.d6 Qe6 33.Qd3 Qf5 34.Qd4 h5 35.Bc2 Qe6 36.Be4 a3 37.Qd3 b4
38.f5 Qe8 39.e6 fxe6 40.fxe6  1-0

[Event "EU-ch U12"]
[Site "Tallinn"]
[Date "1997.??.??"]
[Round "6"]
[White "Riazantsev, Alexander"]
[Black "Mamedov, Nidjat"]
[Result "1/2-1/2"]
[WhiteElo "2275"]
[BlackElo "2295"]

1.d4 Nf6 2.c4 g6 3.Nc3 d5 4.cxd5 Nxd5 5.e4 Nxc3 6.bxc3 Bg7 7.Bb5+ Nd7 8.Nf3 O-O
9.O-O c5 10.Rb1 cxd4 11.cxd4 Nf6 12.Re1 Bg4 13.Bb2 Rc8 14.h3 Bd7 15.Bxd7 Nxd7
16.Qb3 Nb6 17.d5 Bxb2  1/2-1/2

[Event "EU-ch U16 Girls"]
[Site "Tallinn"]
[Date "1997.??.??"]
[Round "8"]
[White "Ismailova, Parvana"]
[Black "Rapcsak, Andrea"]
[Result "1-0"]
[WhiteElo "2130"]
[BlackElo "2065"]

1.d4 Nf6 2.c4 g6 3.Nc3 d5 4.cxd5 Nxd5 5.e4 Nxc3 6.bxc3 Bg7 7.Nf3 c5 8.Be3 Qa5
9.Qd2 O-O 10.Rc1 Nc6 11.d5 Rd8 12.c4 Nb4 13.Be2 b6 14.O-O Qxa2 15.Qe1 Bg4
16.Nd2 Bxe2 17.Qxe2 Qa4 18.f4 Re8 19.e5 e6 20.d6 a5 21.Ne4 Qc6 22.Nc3 f6
23.Bd2 fxe5 24.fxe5 Rf8 25.Nb5 Na6 26.Bg5 Rf5 27.Rxf5 gxf5 28.Qf3 Qxf3 29.gxf3 Bxe5
30.d7 Nc7 31.d8=Q+ Rxd8 32.Bxd8 Nxb5 33.cxb5 a4 34.Bxb6 a3 35.Bxc5 a2 36.b6 a1=Q
37.Rxa1 Bxa1 38.b7 Be5 39.Ba7 Kf7 40.b8=Q Bxb8 41.Bxb8 Kf6 42.f4  1-0

[Event "EST-ch (Women)"]
[Site "Tallinn"]
[Date "1997.??.??"]
[Round "8"]
[White "Paidla, Kaja J"]
[Black "Ranniku, Maaja"]
[Result "1-0"]
[WhiteElo "2100"]
[BlackElo "2155"]

1.d4 Nf6 2.c4 g6 3.Nc3 d5 4.cxd5 Nxd5 5.e4 Nxc3 6.bxc3 Bg7 7.Bc4 O-O 8.Ne2 Nc6
9.O-O Na5 10.Bd3 c5 11.Be3 cxd4 12.cxd4 a6 13.Rc1 b5 14.Qd2 Bd7 15.Bh6 Bxh6
16.Qxh6 Qb6 17.h3 Rfc8 18.Rxc8+ Rxc8 19.Kh2 Nc4 20.f4 Nb2 21.Bb1 b4 22.f5 Bb5
23.Rf4 Bxe2 24.e5 Bh5 25.f6 exf6 26.exf6  1-0

[Event "EU-ch U18"]
[Site "Tallinn"]
[Date "1997.??.??"]
[Round "9"]
[White "Stojnic, Miodrag"]
[Black "Uvarov, Vyacheslav"]
[Result "0-1"]
[WhiteElo "2130"]
[BlackElo "2210"]

1.d4 Nf6 2.c4 g6 3.Nc3 d5 4.cxd5 Nxd5 5.e4 Nxc3 6.bxc3 Bg7 7.Be3 c5 8.Qd2 O-O
9.Be2 Qa5 10.Rc1 b6 11.Nf3 Ba6 12.d5 Bxe2 13.Kxe2 Nd7 14.Rhd1 f5 15.exf5 Rxf5
16.Rc2 Ne5 17.Nxe5 Bxe5 18.h3 Raf8 19.Kf1 Qa4 20.Kg1 Qh4 21.Qe2 h5 22.Rd3 g5
23.Bc1 Rxf2 24.Qxe5 Rxc2 25.Qe6+ Kg7 26.Qxe7+ Rf7 27.Qe5+ Kh7 28.Be3 Qe1+
29.Kh2 Rxg2+ 30.Kxg2 Qe2+  0-1

[Event "EST-ch (Women)"]
[Site "Tallinn"]
[Date "1997.??.??"]
[Round "11"]
[White "Paidla, Kaja J"]
[Black "Vark, Liina"]
[Result "1-0"]
[WhiteElo "2100"]
[BlackElo "2040"]

1.d4 Nf6 2.c4 g6 3.Nc3 d5 4.cxd5 Nxd5 5.e4 Nxc3 6.bxc3 Bg7 7.Bc4 O-O 8.Ne2 c5
9.O-O Nc6 10.Be3 Qc7 11.Qc1 Rd8 12.Rd1 b6 13.f3 Bb7 14.Rb1 Rac8 15.dxc5 Na5
16.Bb5 bxc5 17.Bf4 e5 18.Be3 Rxd1+ 19.Qxd1 Rd8 20.Qc1 a6 21.Ba4 Nc4 22.Bg5 f6
23.Bb3 fxg5 24.Bxc4+ Kh8 25.Qxg5 Bc8 26.Ng3 Qd6 27.Nf1 Bf6 28.Qe3 Rd7 29.Bd5 Ra7
30.Nd2 Qc7 31.Nc4 Bb7 32.Rb6 Kg7 33.Re6 a5 34.Nd6  1-0

[Event "Tampere Elo Taraus op"]
[Site "Tampere"]
[Date "1997.??.??"]
[Round "5"]
[White "Tella, Jussi"]
[Black "Rytshagov, Mikhail"]
[Result "1/2-1/2"]
[WhiteElo "2335"]
[BlackElo "2485"]

1.d4 Nf6 2.c4 g6 3.Nc3 d5 4.cxd5 Nxd5 5.e4 Nxc3 6.bxc3 Bg7 7.Nf3 c5 8.Rb1 O-O
9.Be2 cxd4 10.cxd4 Qa5+ 11.Bd2 Qxa2 12.O-O Bg4 13.Bg5 Qe6 14.h3 Bxf3 15.Bxf3 Qd7
16.e5 Nc6 17.Qa4 Rad8 18.Bxc6 bxc6 19.Rfd1 f6 20.exf6 exf6 21.Bf4 Rfe8 22.Qa6 Re7
23.Rbc1 Re6 24.Rb1 Re7 25.Rbc1 Re4 26.Bg3 f5 27.Rxc6 f4 28.Bh4 Rde8 29.Qc4+ Kh8
30.Bf6 Bxf6 31.Rxf6 Qe7 32.Qf7 Qxf7 33.Rxf7 R8e7 34.Rxe7 Rxe7 35.Ra1 Kg7
36.Ra6 Rd7  1/2-1/2

[Event "Tanta op"]
[Site "Tanta"]
[Date "1997.??.??"]
[Round "5"]
[White "Al Ashhab, Saamer"]
[Black "Mohsen, Khaled"]
[Result "0-1"]
[WhiteElo "2275"]
[BlackElo "2280"]

1.d4 Nf6 2.c4 g6 3.Nc3 d5 4.cxd5 Nxd5 5.e4 Nxc3 6.bxc3 Bg7 7.Nf3 O-O 8.Rb1 c5
9.Be2 cxd4 10.cxd4 Qa5+ 11.Bd2 Qxa2 12.O-O Bg4 13.Bg5 Qe6 14.h3 Bxf3 15.Bxf3 Qd7
16.d5 b6 17.e5 f6 18.d6 fxg5 19.Bxa8 Na6 20.dxe7 Qxe7 21.Re1 Nc5 22.Bf3 Rd8
23.Qe2 Nd3 24.Red1 Nxe5 25.Rxd8+ Qxd8 26.Rd1 Qe7 27.Bd5+ Kh8 28.Rc1 h5 29.Be4 Qe6
30.Rc7 a5 31.Ra7 g4 32.hxg4 Nxg4 33.Ra8+ Kh7 34.Qc2 Qd6 35.g3 b5 36.Rc8 Ne5
37.f4 Ng4 38.Qd3 Qb6+  0-1

[Event "DEN-chJ int"]
[Site "Tingkaerskolen"]
[Date "1997.??.??"]
[Round "1"]
[White "Johansen, Morten"]
[Black "Uvarov, Vyacheslav"]
[Result "1-0"]
[WhiteElo "2255"]
[BlackElo "2210"]

1.d4 Nf6 2.c4 g6 3.Nc3 d5 4.cxd5 Nxd5 5.e4 Nxc3 6.bxc3 Bg7 7.Bc4 c5 8.Be3 Qa5
9.Ne2 cxd4 10.Bxd4 e5 11.Be3 O-O 12.O-O Bd7 13.Qd2 Bc6 14.Ng3 Nd7 15.Bh6 Bxh6
16.Qxh6 Qxc3 17.Rac1 Qa3 18.Rfd1 Qe7 19.Rc3 Kh8 20.Bd5 Rac8 21.Bxc6 bxc6
22.Nf5 gxf5 23.Rxd7 Qe6 24.Qxe6 fxe6 25.Rh3 Rfd8 26.Rhxh7+ Kg8 27.Rdg7+ Kf8
28.h4 c5 29.h5 c4 30.h6  1-0

[Event "Toronto"]
[Site "Toronto"]
[Date "1997.??.??"]
[Round "1"]
[White "Livshits, Ron"]
[Black "Zugic, Igor"]
[Result "0-1"]
[WhiteElo "2370"]
[BlackElo "2165"]

1.d4 Nf6 2.c4 g6 3.Nc3 d5 4.cxd5 Nxd5 5.e4 Nxc3 6.bxc3 Bg7 7.Nf3 c5 8.Rb1 O-O
9.Be2 Nc6 10.d5 Ne5 11.Nxe5 Bxe5 12.Qc2 b6 13.Be3 Bg7 14.f4 e5 15.O-O Qd6
16.c4 f5 17.Rbe1 Bd7 18.Bd3 fxe4 19.Bxe4 exf4 20.Bc1 Rae8 21.Kh1 Be5 22.Bd3 Bd4
23.Be4 Re7 24.Bd2 Be5 25.Bd3 Bg4 26.h3 Bd7 27.Rf3 g5 28.Rxe5 Qxe5 29.Bc3 Qd6
30.Bb2 Kf7 31.Bxh7 Ke8 32.a4 a5 33.Qb1 Kd8 34.Rb3 f3  0-1

[Event "Turku We TSY"]
[Site "Turku"]
[Date "1997.??.??"]
[Round "1"]
[White "Heinimaki, Leo"]
[Black "Holmsten, Aleksei"]
[Result "0-1"]
[WhiteElo "2065"]
[BlackElo "2325"]

1.d4 Nf6 2.c4 g6 3.Nc3 d5 4.cxd5 Nxd5 5.e4 Nxc3 6.bxc3 Bg7 7.Be3 O-O 8.Qd2 c5
9.Rb1 cxd4 10.cxd4 b6 11.Nf3 Bb7 12.Bd3 e6 13.O-O Nc6 14.e5 Rc8 15.Be4 Qd7
16.Rfd1 Ne7 17.Bxb7 Qxb7 18.Bh6 Qe4 19.Bxg7 Kxg7 20.Rbc1 Nd5 21.Ne1 Rfd8
22.Nf3 h6 23.h3 Nf4 24.Kh2 g5 25.Qe3 Qxe3 26.fxe3 Nd5 27.Re1 Rxc1 28.Rxc1 Nxe3
29.Rc7 Nf5 30.Rxa7 Nxd4 31.Nxd4 Rxd4 32.Rb7 Rb4 33.g4 Rb2+ 34.Kg3 Rxa2 35.Rxb6 Ra5
36.Rb7 Rxe5 37.Kf3 Ra5 38.Rc7 Ra3+ 39.Kg2 Kf6 40.Rc8 Rb3 41.Rc7 h5 42.Ra7 h4
43.Rc7 Rb2+ 44.Kg1 Rd2 45.Rb7 Kg6 46.Re7 Ra2 47.Kh1 Re2 48.Kg1 Re4 49.Ra7 f5
50.gxf5+ exf5 51.Kg2 Kf6 52.Ra5 Re2+ 53.Kg1 Ke6 54.Rb5 Rd2 55.Kf1 Rd5 56.Rb2 Rd3
57.Re2+ Kd5 58.Kg2 Rg3+ 59.Kh2 Kd4 60.Re7 Rc3 61.Rg7 Rg3 62.Re7 f4 63.Rd7+ Ke4
64.Re7+ Kf3 65.Ra7 Rg2+ 66.Kh1 Re2 67.Ra3+ Re3 68.Ra5 Kg3 69.Rxg5+ Kxh3 70.Kg1 Rg3+
71.Kh1 Rg4 72.Rg6 f3 73.Rf6 Kg3  0-1

[Event "Ubeda"]
[Site "Ubeda"]
[Date "1997.??.??"]
[Round "6"]
[White "Jussupow, Artur"]
[Black "Khalifman, Alexander"]
[Result "1-0"]
[WhiteElo "2665"]
[BlackElo "2650"]

1.d4 Nf6 2.c4 g6 3.Nc3 d5 4.cxd5 Nxd5 5.e4 Nxc3 6.bxc3 Bg7 7.Be3 c5 8.Qd2 cxd4
9.cxd4 Nc6 10.Rd1 Qa5 11.Qxa5 Nxa5 12.Bd3 O-O 13.Ne2 Bd7 14.Rb1 b6 15.Kd2 Rfc8
16.Ba6 Rd8 17.Rhc1 Bc8 18.Bd3 Bb7 19.Rc7 Rac8 20.Rbc1 Rxc7 21.Rxc7 Rc8 22.Rxc8+ Bxc8
23.Nc3 Nc6 24.Nb5 Ba6 25.Kc3 Kf8 26.a4 Bb7 27.g4 Ke8 28.Bc4 Nb8 29.Kd3 a6
30.Nc7+ Kd8 31.Nd5 Nd7 32.Nb4 a5 33.Bd5 Bxd5 34.Nxd5 e6 35.Nc3 Kc7 36.Nb5+ Kc6
37.Kc4 Bf8 38.Bf4 Bb4 39.f3 Bf8 40.d5+ exd5+ 41.exd5+ Kb7 42.Nd6+ Bxd6 43.Bxd6 g5
44.Bg3 Nf6 45.Be5 Nd7 46.Bd4 Kc7 47.Kb5 f6 48.Bf2 Kd6 49.Bxb6 Ne5 50.Bxa5 Nxf3
51.Bc3  1-0

[Event "CAN-ch U16 fin"]
[Site "Victoria"]
[Date "1997.??.??"]
[Round "2"]
[White "Hua Lefong"]
[Black "Zugic, Igor"]
[Result "1/2-1/2"]
[WhiteElo "2220"]
[BlackElo "2165"]

1.d4 Nf6 2.c4 g6 3.Nc3 d5 4.cxd5 Nxd5 5.e4 Nxc3 6.bxc3 Bg7 7.Nf3 c5 8.Rb1 O-O
9.Be2 Nc6 10.d5 Ne5 11.Nxe5 Bxe5 12.Qd2 b6 13.f4 Bg7 14.O-O e6 15.c4 exd5
16.exd5 Bf5 17.Bd3 Bd4+ 18.Kh1 Qd7 19.Qc2 Bxd3 20.Qxd3 f5 21.Re1 Rae8 22.Bd2 Rxe1+
23.Rxe1 Re8 24.Qg3 Rxe1+ 25.Qxe1 Kf7 26.Bc3 Qe7 27.Qd2 Qe4 28.h3 Ke8 29.a4 Be3
30.Qe1 Bxf4 31.Qxe4+ fxe4 32.Kg1 Be3+ 33.Kf1 Bd4 34.Be1 Kd7 35.Bg3 a6 36.Ke2 Kc8
37.Kd2 Kb7 38.Bh4 h6 39.Be7 Kc7 40.g4 Kd7 41.Bf8 h5 42.gxh5 gxh5 43.Bh6 Kd6
44.Bf4+ Be5 45.Bh6 Bd4 46.Bf4+ Kd7 47.Ke2  1/2-1/2

[Event "Mikenas mem op"]
[Site "Vilnius"]
[Date "1997.??.??"]
[Round "?"]
[White "Gleizerov, Evgeny"]
[Black "Zagorskis, Darius"]
[Result "0-1"]
[WhiteElo "2545"]
[BlackElo "2505"]

1.d4 Nf6 2.c4 g6 3.Nc3 d5 4.cxd5 Nxd5 5.e4 Nxc3 6.bxc3 Bg7 7.Bb5+ Nc6 8.Ne2 O-O
9.O-O Na5 10.Be3 c6 11.Bd3 e5 12.Qc2 Be6 13.Rad1 Qe7 14.f4 exf4 15.Bxf4 Bc4
16.Ng3 b5 17.e5 f6 18.exf6 Rxf6 19.Ne4 Rf5 20.Rde1 Qf8 21.Be5 Bxe5 22.dxe5 Rxf1+
23.Rxf1 Qe7 24.Nf6+ Kg7 25.Qe2 Qe6 26.Rd1 Rd8 27.h3 Rxd3 28.Rxd3 Bxd3 29.Qxd3 Nc4
30.Qd8 Qxe5 31.Ng4 Qd6 32.Qg5 h5 33.Nf2 Qe5 34.Qc1 Qe3 35.Qc2 Nd2 36.Qd1 Ne4  0-1

[Event "Mikenas mem op"]
[Site "Vilnius"]
[Date "1997.??.??"]
[Round "?"]
[White "Krasenkow, Michal"]
[Black "Zagorskis, Darius"]
[Result "1-0"]
[WhiteElo "2615"]
[BlackElo "2505"]

1.d4 Nf6 2.c4 g6 3.Nc3 d5 4.cxd5 Nxd5 5.e4 Nxc3 6.bxc3 Bg7 7.Be3 c5 8.Qd2 Qa5
9.Rb1 a6 10.Rc1 O-O 11.Nf3 Nd7 12.Bd3 b5 13.Bh6 Bb7 14.d5 Qb6 15.h4 Bxh6
16.Qxh6 Qf6 17.h5 Rfc8 18.hxg6 hxg6 19.Rh3 c4 20.Bb1 Qg7 21.Qf4 Nf8 22.Ke2 Re8
23.Rch1 f6 24.Rh8+ Qxh8 25.Rxh8+ Kxh8 26.Qh6+ Kg8 27.Nh4 Red8 28.Nxg6 Nxg6
29.Qxg6+ Kf8 30.g4 a5 31.g5 fxg5 32.e5  1-0

[Event "AUT-chT9697"]
[Site "Vorarlberg"]
[Date "1997.??.??"]
[Round "?"]
[White "Blocher, Joachim"]
[Black "Dreher, Armin"]
[Result "1/2-1/2"]
[WhiteElo "1665"]
[BlackElo "1700"]

1.d4 Nf6 2.c4 g6 3.Nc3 d5 4.cxd5 Nxd5 5.e4 Nxc3 6.bxc3 Bg7 7.Nf3 c5 8.h3 O-O
9.Bc4 Qc7 10.Bb3 Nc6 11.Be3 b6 12.Qc2 Na5 13.Bd5 Bb7 14.Bxb7 Nxb7 15.Rc1 Rac8
16.O-O Rfd8  1/2-1/2

[Event "Warsaw-ch"]
[Site "Warsaw"]
[Date "1997.??.??"]
[Round "1"]
[White "Lagowski, Patryk"]
[Black "Shilov, Sergej"]
[Result "0-1"]
[WhiteElo "2100"]
[BlackElo "2345"]

1.d4 Nf6 2.c4 g6 3.Nc3 d5 4.cxd5 Nxd5 5.e4 Nxc3 6.bxc3 Bg7 7.Be3 O-O 8.Nf3 c5
9.Qd2 Qa5 10.Rc1 b6 11.Bh6 cxd4 12.Bxg7 Kxg7 13.cxd4 Qxd2+ 14.Kxd2 Bb7 15.Ke3 Nc6
16.Bb5 Rac8 17.Bxc6 Bxc6 18.Rc3 f5 19.Rhc1 Bb7 20.Rxc8 Rxc8 21.Rxc8 Bxc8
22.e5 Bb7 23.Ne1 Kf7 24.f3 Bd5 25.a3 g5 26.g3 a5 27.Kd3 Ke6 28.f4 gxf4 29.gxf4 b5
30.Kc3 Be4 31.Nc2 Bxc2 32.Kxc2 Kd5 33.Kc3 e6 34.Kd3 b4 35.axb4 axb4 36.h4 h5
37.Ke3 Kc4 38.d5 Kxd5 39.Kd3 b3 40.Kc3 Ke4  0-1

[Event "Warsaw-ch"]
[Site "Warsaw"]
[Date "1997.??.??"]
[Round "7"]
[White "Berezin, Oleg"]
[Black "Bugajski, Robert"]
[Result "1/2-1/2"]
[WhiteElo "2445"]
[BlackElo "2330"]

1.d4 Nf6 2.c4 g6 3.Nc3 d5 4.cxd5 Nxd5 5.e4 Nxc3 6.bxc3 Bg7 7.Bb5+ c6 8.Ba4 O-O
9.Ne2 b6 10.O-O Bb7 11.Be3 Qc7 12.Qd2 Rd8 13.Bh6 Bh8 14.Qe3 Nd7 15.Rac1 Nf6
16.f3 Rac8 17.Rfd1 Ne8 18.Bb3 c5 19.h4 Ba6 20.e5 Bxe2 21.Qxe2 e6 22.h5 Qe7
23.Qe3 cxd4 24.cxd4 Rxc1 25.Qxc1 Qb4 26.d5 Bxe5 27.dxe6 Rxd1+ 28.Qxd1 fxe6
29.Bxe6+ Kh8 30.Be3 Nd6 31.f4 Qe4 32.Qd2 Bf6 33.Qxd6 Qxe3+ 34.Kh2 Kg7 35.Bg4 Qe7
36.Qd3 Qd8 37.Qc4 Qe7 38.hxg6 hxg6 39.Be6 Qc5 40.Qe4 Qc7 41.g3 b5 42.Bb3 Qe7
43.Qd3 b4 44.Kh3 Bc3 45.Qd5 a5 46.Bc4 a4 47.Qc6 a3 48.Be6 Bf6 49.Qc8 Qf8
50.Qc4 Qe7 51.Kg2 Qb7+ 52.Bd5 Qe7 53.g4 g5 54.fxg5 Bxg5 55.Qd4+ Bf6 56.Qd3 Qe5
57.Bb3 Qd4 58.Qxd4 Bxd4 59.Kf3  1/2-1/2

[Event "Wattens op"]
[Site "Wattens"]
[Date "1997.??.??"]
[Round "?"]
[White "Babinetz, Rainer"]
[Black "Hofmann, Bernhard"]
[Result "1/2-1/2"]
[WhiteElo "1930"]
[BlackElo "2095"]

1.d4 Nf6 2.c4 g6 3.Nc3 d5 4.cxd5 Nxd5 5.e4 Nxc3 6.bxc3 Bg7 7.Bc4 O-O 8.Ne2 c5
9.O-O Nc6 10.Be3 cxd4 11.cxd4 Bg4 12.f3 Na5 13.Bd3 Be6 14.Qa4 Rc8 15.Rac1 a6
16.d5 Rxc1 17.Rxc1 Bd7 18.Qb4 b5 19.a4 Nb7 20.axb5 axb5 21.Bxb5 Bxb5 22.Qxb5 Nd6
23.Qd3 Qd7 24.f4 Rb8 25.Bd4 Qa4 26.Bxg7 Kxg7 27.e5 Nf5 28.Rc3 Rd8 29.Qd2 Qa5
30.Rd3 Qc5+ 31.Kf1 Rxd5 32.Rxd5 Ne3+ 33.Kf2 Nxd5+ 34.Kf3 h5 35.Qd4  1/2-1/2